Statistics for Alphabetical Disney Quiz

Click here to take the quiz!

General Stats

  • This quiz has been taken 53 times
  • The average score is 12 of 15

Answer Stats

HintAnswer% Correct
C - she looses her shoeCinderella
98%
A - She falls into a deep sleepAurora
95%
L - It's ------ and the trampLady
95%
O - He's a snowman!Olaf
95%
D - He's a flying...Dumbo
88%
E - She has magic powersElsa
86%
H - He turned his back on Anna and ElsaHans
86%
F - He's Ariel's bestieFlounder
83%
M - She's the one who put Aurora to sleepMaleficent
81%
K - He marries AnnaKristoff
79%
N - He gets taken by a dentistNemo
69%
G - He's big and blueGenie
60%
J - He's Pinocchio's conscienceJiminy
57%
I - His daughter can turn invisible and his son is super fastIncredibles
48%
B - He loves HoneyBaloo
40%

Score Distribution

Percentile by Number Answered

Percent of People with Each Score

Your Score History

You have not taken this quiz